To nejdůležitější z Druckera v jednom svazku

Uložené v:
Podrobná bibliografia
Hlavný autor: Drucker, Peter F (Autor)
Médium: Kniha
Jazyk:Czech
Vydavateľské údaje: Praha : Management Press, 2016
Vydanie:2. vyd
Predmet:
Tagy: Pridať tag
Žiadne tagy, Buďte prvý, kto otaguje tento záznam!

MARC

LEADER 00000nam a22000003a 4500
001 0022735
005 20170320143558.9
008 090622s2006----xr------------------cze-d
020 |a 978-80-7261-294-9 
040 |a STU  |b slo 
041 0 |a cze 
044 |a xr 
080 |a 65.012 
080 |a 005  |7 stu_us_auth*stu3822 
100 1 |a Drucker, Peter F  |4 aut  |7 unknown*stu1826 
245 1 |a To nejdůležitější z Druckera v jednom svazku 
250 |a 2. vyd 
260 |a Praha :  |b Management Press,  |c 2016 
300 |a 300 s. 
650 7 |a manažment  |2 stusub  |7 unknown*stus22073 
996 |b 284M087161  |c M* 13906-1  |l MMKN  |s A  |a 24  |w 0022735_0001